| 000 | 00352nam a2200121Ia 4500 | ||
|---|---|---|---|
| 008 | 210430s9999 xx 000 0 und d | ||
| 082 | _a624.171 S512 U | ||
| 100 |
_aDerek Seward _954158 |
||
| 245 |
_aUnderstanding Structures Analysis, Materials, Design 4thed _cDerek Seward |
||
| 260 |
_aNew york _bPalgrave _c2009 |
||
| 300 | _a367p | ||
| 942 |
_cBK _2ddc |
||
| 999 |
_c564634 _d564634 |
||